Sports Quiz

Random Sports or NCAA Quiz

College Team, NFL Stadium Quiz Stats

 Plays Quiz Updated Apr 26, 2017

Challenge
Share
Tweet
Embed
Score 0/6 Timer 01:30
3 Plays Today
Team % Correct
Miami (FL)
70.9%
Pittsburgh
58.2%
USC
42.7%
South Florida
39.5%
Temple
38.3%
Massachusetts
19.1%

You're not logged in!

Compare scores with friends on all Sporcle quizzes.
OR
Log In

You Might Also Like...

Show Comments

Extras

Top Quizzes Today


Score Distribution

Your Account Isn't Verified!

In order to create a playlist on Sporcle, you need to verify the email address you used during registration. Go to your Sporcle Settings to finish the process.

Report this User

Report this user for behavior that violates our Community Guidelines.

Details: